<?xml version="1.0" encoding="UTF-8"?>
<record
    xmlns:xsi="http://www.w3.org/2001/XMLSchema-instance"
    xsi:schemaLocation="http://www.loc.gov/MARC21/slim http://www.loc.gov/standards/marcxml/schema/MARC21slim.xsd"
    xmlns="http://www.loc.gov/MARC21/slim">

  <leader>00658nam a2200241 i 4500</leader>
  <controlfield tag="001">C2-0101813</controlfield>
  <controlfield tag="003">PPAK</controlfield>
  <controlfield tag="005">20180727095909.0</controlfield>
  <controlfield tag="008">970601s1990    my a|||| |||||  |   may d</controlfield>
  <datafield tag="020" ind1=" " ind2=" ">
    <subfield code="a">9839617087</subfield>
  </datafield>
  <datafield tag="040" ind1=" " ind2=" ">
    <subfield code="a">PPAK</subfield>
    <subfield code="b">eng</subfield>
    <subfield code="c">PPAK</subfield>
    <subfield code="e">rda</subfield>
  </datafield>
  <datafield tag="082" ind1="0" ind2="4">
    <subfield code="a">650.01</subfield>
    <subfield code="2">23</subfield>
  </datafield>
  <datafield tag="090" ind1="0" ind2="0">
    <subfield code="a">650.01</subfield>
    <subfield code="b">SIT</subfield>
    <subfield code="d">G</subfield>
  </datafield>
  <datafield tag="100" ind1="0" ind2=" ">
    <subfield code="a">Siti Maimun Kamso Wan Rafaei, </subfield>
    <subfield code="e">author</subfield>
  </datafield>
  <datafield tag="245" ind1="1" ind2="0">
    <subfield code="a">Koleksi petua niaga</subfield>
  </datafield>
  <datafield tag="264" ind1=" " ind2="1">
    <subfield code="a">Kuala Lumpur : </subfield>
    <subfield code="b">AMK Interaksi , </subfield>
    <subfield code="c">1990</subfield>
  </datafield>
  <datafield tag="300" ind1=" " ind2=" ">
    <subfield code="a">vii, 161 pages : </subfield>
    <subfield code="b">illustrations ; </subfield>
    <subfield code="c">22 cm</subfield>
  </datafield>
  <datafield tag="336" ind1=" " ind2=" ">
    <subfield code="2">rdacontent</subfield>
    <subfield code="a">text</subfield>
  </datafield>
  <datafield tag="337" ind1=" " ind2=" ">
    <subfield code="2">rdamedia</subfield>
    <subfield code="a">unmediated</subfield>
  </datafield>
  <datafield tag="338" ind1=" " ind2=" ">
    <subfield code="2">rdacarrier</subfield>
    <subfield code="a">volume</subfield>
  </datafield>
  <datafield tag="650" ind1="1" ind2="0">
    <subfield code="a">Business.</subfield>
  </datafield>
  <datafield tag="942" ind1=" " ind2=" ">
    <subfield code="d">dc</subfield>
    <subfield code="c">B</subfield>
  </datafield>
  <datafield tag="999" ind1=" " ind2=" ">
    <subfield code="c">23540</subfield>
    <subfield code="d">23540</subfield>
  </datafield>
  <datafield tag="952" ind1=" " ind2=" ">
    <subfield code="0">0</subfield>
    <subfield code="7">0</subfield>
    <subfield code="b">JT</subfield>
    <subfield code="c">G</subfield>
    <subfield code="d">2004-02-04</subfield>
    <subfield code="o">650.01 SIT</subfield>
    <subfield code="p">A00840869</subfield>
    <subfield code="r">2018-05-08 00:00:00</subfield>
    <subfield code="y">B</subfield>
  </datafield>
  <datafield tag="952" ind1=" " ind2=" ">
    <subfield code="0">0</subfield>
    <subfield code="7">0</subfield>
    <subfield code="b">KM</subfield>
    <subfield code="c">G</subfield>
    <subfield code="d">2003-12-09</subfield>
    <subfield code="l">2</subfield>
    <subfield code="m">1</subfield>
    <subfield code="o">650.01 SIT</subfield>
    <subfield code="p">A00325488</subfield>
    <subfield code="r">2022-01-09 00:00:00</subfield>
    <subfield code="s">2022-01-04</subfield>
    <subfield code="y">B</subfield>
  </datafield>
  <datafield tag="952" ind1=" " ind2=" ">
    <subfield code="0">0</subfield>
    <subfield code="7">1</subfield>
    <subfield code="b">PPAK</subfield>
    <subfield code="c">KHR</subfield>
    <subfield code="d">2025-09-30</subfield>
    <subfield code="l">0</subfield>
    <subfield code="o">KHR 650.01 SIT</subfield>
    <subfield code="p">A00501288</subfield>
    <subfield code="r">2025-09-30 11:33:50</subfield>
    <subfield code="y">B</subfield>
  </datafield>
</record>
